| 000 | 00586 a2200217 4500 | ||
|---|---|---|---|
| 001 | 61360 | ||
| 005 | 20260407155903.0 | ||
| 008 | 260407a1985 arg spa d | ||
| 003 | AR-UNSa-BCEJYS | ||
| 040 |
_aAR-UNSa-BCEJYS _bspa _cAR-UNSa-BCEJYS |
||
| 080 |
_a343.2 _xDerecho penal |
||
| 245 | 1 | 0 |
_aDerecho penal _pParte especial |
| 020 | _a978-950-20-0311-5 | ||
| 250 | _a10a.ed. | ||
| 264 | 1 |
_aBuenos Aires : _bAbeledo Perrot _c1985 |
|
| 300 |
_a1048 p. _c23 cm. |
||
| 041 | _aspa | ||
| 942 | _cBK | ||
| 590 | _aniveau_biblio:m niveau_hierar:0 | ||
| 100 | 1 | _aFontán Balestra, Carlos | |
| 999 |
_c7275 _d7275 |
||